| 000 | 00417nam a2200157Ia 4500 | ||
|---|---|---|---|
| 008 | 231217s9999 xx 000 0 und d | ||
| 041 | _aEnglish | ||
| 082 | _a658.3 COO;1 `R' | ||
| 100 | _aCooper, Ann A | ||
| 245 | 0 | _aLeadership in organizations | |
| 260 |
_c2002 _bSouth-Western College |
||
| 300 | _axi+100 | ||
| 400 | _aProfessional development series | ||
| 650 | _aLeadership,organizations | ||
| 942 | _cAA | ||
| 999 |
_c168779 _d168779 |
||